ანტიკური პოლისი / (ბიბ.ჩანაწერი № 60227)
[ მარტივი ფორმატი ]
| 000 -ლიდერი | |
|---|---|
| ფიქსირებული სიგრძის საკონტროლო ველი | 01286nam a22002417a 4500 |
| 003 - საკონტროლო ნომრის იდენტიფიკატორი | |
| საკონტროლო ველი | Ge_BSU |
| 005 - ბოლო ოპერაციის თარიღი და დრო | |
| საკონტროლო ველი | 20230620163149.0 |
| 008 - ფიქსირებული სიგრძის მონაცემთა ელემენტები - ზოგადი ინფორმაცია | |
| ფიქსირებული სიგრძის საკონტროლო ველი | 230620s2011 ge ||||| |||| 00| 0 geo d |
| 020 ## - წიგნის საერთაშორისო სტანდარტული ნომერი | |
| International Standard Book Number | 9789941132063 |
| 041 ## - ენის კოდი | |
| Language code of text/sound track or separate title | geo |
| 080 ## - უნივერსალური ათობითი კლასიფიკაციის ინდექსი | |
| Universal Decimal Classification number | 94(3-21) თ-68 |
| 100 ## - მთავარი ჩანაწერი - პიროვნების სახელი | |
| Personal name | თოდუა, თემურ. |
| 9 (RLIN) | 18753 |
| 245 ## - ცნობა სათაურის შესახებ | |
| Title | ანტიკური პოლისი / |
| Statement of responsibility, etc | თემურ თოდუა; რედ. ლევან გორდეზიანი; ივ. ჯავახიშვილის სახ. თსუ. |
| 264 ## - წარმოების, გამოცემის, დისტრიბუციის და სხვა ცნობები | |
| გამოცემის, წარმოების, დისტრიბუციის... ადგილი | თბილისი : |
| გამოცემის, წარმოების, დისტრიბუციის... სახელწოდება | თბილ. უნ-ტის გამ-ბა, |
| გამოცემის, წარმოების, დისტრიბუციის... თარიღი | 2011. |
| 300 ## - ფიზიკური აღწერა | |
| Extent | 238 გვ. : |
| Other physical details | ტაბ. ; |
| Dimensions | 26 სმ. |
| 501 ## - შენიშვნა თანმხლებ მასალაზე | |
| With note | საძიებლები: გვ. 225-235. ტაბულები: გვ. 213-223. |
| 504 ## - BIBLIOGRAPHY, ETC. NOTE | |
| Bibliography, etc | ბიბლიოგრ.: გვ. 210-212. |
| 520 ## - SUMMARY, ETC. | |
| Summary, etc | რეზ. ინგლ.ენაზე |
| 653 ## - INDEX TERM--UNCONTROLLED | |
| Uncontrolled term | ანტიკური ქალაქების ისტორია |
| 700 ## - ADDED ENTRY--PERSONAL NAME | |
| Personal name | გორდეზიანი, ლევან |
| Relator term | რედაქტორი |
| 9 (RLIN) | 17068 |
| 710 ## - ADDED ENTRY--CORPORATE NAME | |
| Corporate name or jurisdiction name as entry element | თბილისის ივ. ჯავახიშვილის სახ. სახელმწიფო უნივერსიტეტი |
| 9 (RLIN) | 18829 |
| 942 ## - ADDED ENTRY ELEMENTS (KOHA) | |
| Source of classification or shelving scheme | |
| Koha item type | წიგნი |
| ჩამოწერის სტატუსი | დაკარგული ეგზემპლარის სტატუსი | კლასიფიკაციის წყარო ან თაროზე გაწყობის სქემა | დაზიანების სტატუსი | არ გაიცემა | მუდმივი მდებარეობა (დაცვის ადგილი) | ამჟამინდელი ადგილსამყოფელი | თაროზე განთავსების ადგილი | შეძენის თარიღი | ღირებულება, შესყიდვის ნორმალური ფასი | სრული შენახვის შიფრი | შტრიხკოდი | ბოლო ოპერაციის თარიღი | ეგზემპლარის მიმდევრობითი ნომერი (კეტერი?) | Uniform Resource Identifier | ფასის ძალაში შესვლის თარიღი | ეგზემპლარის სახეობა | საჯარო შენიშვნა |
|---|---|---|---|---|---|---|---|---|---|---|---|---|---|---|---|---|---|
| ბათუმის შოთა რუსთაველის სახელმწიფო უნივერსიტეტის მთავარი ბიბლიოთეკა | ბათუმის შოთა რუსთაველის სახელმწიფო უნივერსიტეტის მთავარი ბიბლიოთეკა | წიგნსაცავი | 2023-06-20 | 9.00 | 94(3-21) თ-68 | 64719 | 2023-06-20 | 64719 | ბსუ-ს საპატიო დოქტორის გურამ ლორთქიფანიძის საჩუქარი | 2023-06-20 | წიგნი | 9 ლ. |
